Wszystkie ważne daty z historii świata - Statystyki

Ogólne statystyki
  • Ten quiz został rozwiązany 27 razy
  • Średni wynik to 6 z 24
Statystyki odpowiedzi
Daty Wydarzenie % Poprawnych
1492 r. odkrycie Ameryki
61%
776 r. p.n.e pierwsze igrzyska olimpijskie
39%
1453 r. upadek Konstantynopola
39%
1914 r. wybuch I wojny światowej
39%
753 r. p.n.e założenie Rzymu
39%
313 r. edykt mediolański
35%
1815 r. kongres Wiedeński
35%
1939 r. wybuch II wojny światowej
35%
1054 r. schizma wschodnia
30%
1848 r. Wiosna Ludów
30%
1861-1865 r. Wojna Secesyjna
26%
ok. 1450 r. wynalezienie druku
26%
800 r. koronacja Karola Wielkiego
22%
1919 r. traktat Wersalski
22%
843 r. traktat w Verdun
22%
1871 r. zjednoczenie Niemiec
17%
1861 r. zjednoczenie Włoch
17%
395 r. podział cesarstwa Rzymskiego
13%
622 r. ucieczka Mahometa z Mekkido Medyny
13%
1946 koniec II wojny światowej
9%
1545 r. sobór Trydencki
9%
1517 r. początek Reformacji
4%
1776 r. deklaracja niepodległości Stanów Zjednoczonych
0%
476 r. upadek zachodniego cesarstwa Rzymskiego
0%
Nie znaleziono quizów pasujących do podanych kryteriów
Rozkład punktacji
Procent ludzi z każdym wynikiem
Percentyl według liczby udzielonych odpowiedzi
Twoja historia wyników
Nie rozwiązałeś tego quizu